000 00481nam a2200133 a 4500
008 120416s1972 ||||||||||||||||| || u
050 _aQE 501 Tri
100 _aTricart, J
245 1 0 _aIntroduction to climate geomorphology
260 _aLondon
_bLongman
_c1972
300 _axv, 295p. : ill
350 _a0.00
995 _D0.00
_FCBU-MAIN LIBRARY (Kitwe)
_H1
_I5.00
_M1
_UAVAILABLE
_WMar 16, 2007
_ZAnnex Low-Usage Collection
999 _c47655
_d47655